000 01775nam a2200529 i 4500
001 46554
003 KOSZ 005
005 20200730094822.0
008 050422s2005 pl a f |000 0 pol
015 _aUWD 2005/8076
020 _a8302028673
035 _a991026755459705066
035 _a(PL-WaBN)b17266026-48omnis_nlop
035 _ab17266026
035 _a(OCoLC)749933679
035 _a(PL)b0000001726602
035 _a(EXLNZ-48OMNIS_NETWORK)9910127396305606
040 _aWA N
_cWA N
_dKOSZ 005/HR
041 0 _apol
080 _a613.2
080 _a577.1
080 _a(075.3.053.7)
100 1 _aFlis, Krystyna
_eAutor
245 1 0 _aPodstawy żywienia człowieka /
_cKrystyna Flis, Wanda Konaszewska.
250 _aWyd. 13.
260 _aWarszawa :
_bWydawnictwa Szkolne i Pedagogiczne,
_c[2005].
300 _a225, [15] s., [1] k. tabl. złoż. :
_brys., wykr. ;
_c21 cm.
336 _aTekst
_btxt
_2rdacontent
337 _aBez urządzenia pośredniczącego
_bn
_2rdamedia
338 _aWolumin
_bnc
_2rdacarrier
380 _aKsiążki
380 _aPublikacje dydaktyczne
385 _mPoziom nauczania
_aSzkoły zawodowe
388 _a1901-2000
388 _a2001-
504 _aBibliogr. s. [227].
521 8 _aDla kl. I i II szkoły zasadniczej, zawód - kucharz.
650 7 _aZdrowe odżywianie
_2DBN
650 7 _aŻywność
_2DBN
650 7 _aBiochemia
655 7 _aPodręczniki dla szkół zawodowych
_2DBN
700 1 _aKonaszewska, Wanda
_eAutor
710 2 _aWydawnictwa Szkolne i Pedagogiczne
_4pbl
856 _uhttp://koha.tu.koszalin.pl/cgi-bin/koha/opac-detail.pl?biblionumber=46554
_yKatalog online BPK
942 _2UKD
_cKS
999 _c46554
_d46554